000 00916nam a22002650 4500
001 ocn0553027549
003 PILC
005 20150824095324.0
008 /0/2
020 _a0553027549
_cPhp121.50
035 _a75158
035 _a75-158756 /AC/r922
050 _aBF 724.3
_b.M3 1979
100 1 _aMaltz, Maxwell,
_d1899-
245 1 0 _aPower psycho-cybernetics for youth :
_ba new dimension in personal freedom /
_cMaxwell Maltz.
250 _aBantam edition.
260 _aNew York :
_bBantam,
_c1979.
300 _a185 pages ;
_c18 cm.
500 _aOriginally published: New York : Gosset & Dunlap, 1971.
505 _aDiscusses the origins of negative thought and how one can replace negativism and lethargy with goals and positive thinking.
650 _aAdolescent psychology.
650 _aSuccess.
650 _aSuccess in adolescence.
942 _2lcc
_cBK
_kFOR
999 _c288441
_d288441